000 00469nam a2200133Ia 4500
008 231129s9999||||xx |||||||||||||| ||spa||
020 _a958-20-0252-2 (v.1
040 _bspa
082 _a613.907 G643s
100 _aGonzález Alicia
245 0 _aSexualidad y generos: una reconceptualizacion educativa en los umbrales del tercer milenio
264 _aSantafe de Bogotá Colombia: Cooperativa Editorial Magisterio
942 _2ddc
_cBKS
999 _c24543
_d24543